Alberto Masferrer: un precursor de la sociología centroamericana

Uloženo v:
Podrobná bibliografie
Hlavní autor: Marroquín, Alejandro D.
Médium: Text
Vydáno: San José :
Tagy: Přidat tag
Žádné tagy, Buďte první, kdo vytvoří štítek k tomuto záznamu!

MARC

LEADER 00000 a a2200000 04500
001 17713
003
040 |a CRAI/IIS  |c CRAI/IIS 
090 |a 000700  
100 |a Marroquín, Alejandro D.  
245 |a Alberto Masferrer: un precursor de la sociología centroamericana  
260 |a San José :  
300 |a 25 p  
999 |c 15796  |d 15796